| 000 | 00708nam a2200217 i 4500 | ||
|---|---|---|---|
| 001 | 30149 | ||
| 003 | ES-MaACL | ||
| 005 | 20230906154139.0 | ||
| 007 | t| | ||
| 008 | 030123s1967 sp ||||1| spa d | ||
| 100 | 1 |
_aBarsotti, Divo. _926094 |
|
| 245 | 1 | 3 |
_aEl Apocalipsis, una respuesta al tiempo / _cDivo Barsotti ; [tradujo Alfonso Ortiz García]. |
| 260 |
_aSalamanca : _bSígueme, _c1967. |
||
| 300 |
_a356 p. ; _c22 cm. |
||
| 490 | 1 |
_aNueva Alianza ; _v27 |
|
| 630 | 0 | 4 |
_aBiblia. _pN.T. _pApocalipsis- _xCrítica e interpretación. _9144760 |
| 700 | 1 |
_aOrtiz García, Alfonso. _987618 |
|
| 830 | 0 |
_aNueva Alianza ; _v27 _9181320 |
|
| 852 |
_aES-MaACL _jC-33045 _bR.63695 |
||
| 999 |
_c30149 _d30149 |
||